Derecho de Familia : conforme al nuevo Código Civil y Comercial de la Nación /
Guardado en:
| Otros Autores: | |
|---|---|
| Formato: | Libro |
| Idioma: | Spanish |
| Publicado: |
Buenos Aires :
Abeledo Perrot,
2015
|
| Edición: | 2a. ed. |
| Series: | Manuales universitarios
|
| Materias: | |
| Etiquetas: |
Agregar Etiqueta
Sin Etiquetas, Sea el primero en etiquetar este registro!
|
| LEADER | 00680nam a22001935a 4500 | ||
|---|---|---|---|
| 001 | DER.der012994 | ||
| 008 | 180615s2015####ag#||||||||||||||#||spa|| | ||
| 005 | 20251209085025.0 | ||
| 245 | 1 | 0 | |a Derecho de Familia : |b conforme al nuevo Código Civil y Comercial de la Nación / |c dirigido por Ana María Chechile. |
| 250 | |a 2a. ed. | ||
| 260 | |a Buenos Aires : |b Abeledo Perrot, |c 2015 | ||
| 300 | |a 607 p. | ||
| 490 | 1 | |a Manuales universitarios | |
| 020 | |a 9789502027159 | ||
| 100 | 1 | |a Chechile, Ana María, |e dir. | |
| 700 | 1 | |a Lopes, Cecilia, |e coord. | |
| 650 | 7 | |a DERECHO DE FAMILIA | |
| 859 | |a DERECHO |b BIB. DERECHO |h 346.015 |i CHE |p 007858 | ||
| 859 | |a DERECHO |b BIB. DERECHO |h 346.015 |i CHE |p 007859 |t 1 | ||
